Los Machado y su tiempo (Record no. 168601)
[ view plain ]
| 000 -LEADER | |
|---|---|
| campo de control de longitud fija | 01049nam a22002535i 4500 |
| 001 - NÚMERO DE CONTROL | |
| campo de control | 168601 |
| 003 - IDENTIFICADOR DE NÚMERO DE CONTROL | |
| campo de control | ES-MaACL |
| 005 - FECHA Y HORA DE LA ÚLTIMA TRANSACCIÓN | |
| campo de control | 20231226152602.0 |
| 008 - DATOS DE LONGITUD FIJA--INFORMACIÓN GENERAL | |
| campo de control de longitud fija | 080423s1987 sp |||| | spa d |
| 080 ## - NÚMERO DE LA CLASIFICACIÓN DECIMAL UNIVERSAL | |
| Número de la Clasificación Decimal Universal | 929 Machado, Antonio (064.3) |
| 080 ## - NÚMERO DE LA CLASIFICACIÓN DECIMAL UNIVERSAL | |
| Número de la Clasificación Decimal Universal | 929 Machado, Manuel (064.3) |
| 245 04 - MENCIÓN DEL TÍTULO | |
| Título | Los Machado y su tiempo |
| Resto del título | : exposición itinerante : Sevilla, Madrid, Baeza, Segovia... 1987 / |
| Mención de responsabilidad, etc. | organizada por la Fundación Española Antonio Machado. |
| 260 ## - PUBLICACIÓN, DISTRIBUCIÓN, ETC. | |
| Lugar de publicación, distribución, etc. | [Madrid] : |
| Nombre del editor, distribuidor, etc. | Fundación Antonio Machado, |
| Fecha de publicación, distribución, etc. | 1987. |
| 300 ## - DESCRIPCIÓN FÍSICA | |
| Extensión | 182 p. : |
| Otras características físicas | il. ; |
| Dimensiones | 30 cm. |
| 500 ## - NOTA GENERAL | |
| Nota general | Las 2 h. son reprod. de los poemas originales mss. "Pandereta sevillana" y "Cantares" de Manuel y Antonio Machado. |
| 504 ## - NOTA DE BIBLIOGRAFÍA, ETC. | |
| Nota de bibliografía, etc. | Bibliografía: p. 165-167. |
| 600 14 - PUNTO DE ACCESO ADICIONAL DE MATERIA--NOMBRE DE PERSONA | |
| Nombre de persona | Machado, Antonio, |
| Fechas asociadas al nombre | 1875-1939- |
| Subdivisión de forma | Exposiciones |
| 9 (RLIN) | 75155 |
| 600 14 - PUNTO DE ACCESO ADICIONAL DE MATERIA--NOMBRE DE PERSONA | |
| Nombre de persona | Machado, Manuel, |
| Fechas asociadas al nombre | 1874-1947- |
| Subdivisión de forma | Exposiciones |
| 9 (RLIN) | 75163 |
| 655 #7 - TERMINO DE INDIZACIÓN--GENERO/FORMA | |
| Fuente del término | tgfbne |
| 9 (RLIN) | 193628 |
| Datos o término principal de género/forma | Catálogos de exposiciones |
| 710 2# - ENTRADA AGREGADA--NOMBRE DE ENTIDAD CORPORATIVA | |
| Nombre de entidad corporativa o nombre de jurisdicción como elemento de entrada | Fundación Antonio Machado. |
| 9 (RLIN) | 137683 |
| 852 ## - LOCALIZACIÓN | |
| Ubicación | ES-MaACL |
| Número de control de estantería | L-11365 |
| 942 ## - ELEMENTOS DE ENTRADA SECUNDARIOS (KOHA) | |
| Fuente del sistema de clasificación o colocación | Clasificación decimal universal |
| Estatus retirado | Estado de pérdida | Estado de daño | No para préstamo | Biblioteca de origen | Biblioteca actual | Ubicación en estantería | Fecha de adquisición | Fuente de adquisición | Total de préstamos | Signatura topográfica completa | Código de barras | Visto por última vez | Precio de reemplazo | Tipo de ítem Koha |
|---|---|---|---|---|---|---|---|---|---|---|---|---|---|---|
| Biblioteca del Ateneo de Madrid | Biblioteca del Ateneo de Madrid | Depósito 2 | 23/04/2008 | L-11365 | 1176928 | 23/02/2023 | 23/02/2023 | Libro impreso |
